Κατάλογος Βιβλιοθηκών Mediterranean College

Σύντομο Λεξικό Ορων της Ζωγραφικής (Record no. 4405)

MARC details
000 -LEADER
fixed length control field 01263cam a22001934a 4500
005 - ΗΜΕΡΟΜΗΝΙΑ ΚΑΙ ΩΡΑ ΤΕΛΕΥΤΑΙΑΣ ΕΝΗΜΕΡΩΣΗΣ
Πεδίο ελέγχου 20250605164145.0
008 - FIXED-LENGTH DATA ELEMENTS--GENERAL INFORMATION
Πεδίο ελέγχου σταθερού μήκους 250528s ||||||||||||||||||||||||d
035 ## - SYSTEM CONTROL NUMBER
System control number 19127
040 ## - ΠΗΓΗ ΚΑΤΑΛΟΓΟΓΡΑΦΗΣΗΣ
Φορέας πρωτότυπης καταλογογράφησης MC Athens Campus Library
Γλώσσα καταλογογράφησης Ελληνικά, Μοντέρνα (1453-)
Modifying agency MC Athens Campus Library
Κανόνες περιγραφικής καταλογογράφησης AACR2
245 1# - ΤΙΤΛΟΣ ΚΑΙ ΔΗΛΩΣΗ ΥΠΕΥΘΥΝΟΤΗΤΑΣ
Τίτλος Σύντομο Λεξικό Ορων της Ζωγραφικής
260 ## - PUBLICATION, DISTRIBUTION, ETC.
Name of publisher, distributor, etc. Μελίσσα,
Date of publication, distribution, etc. 1990
300 ## - PHYSICAL DESCRIPTION
Extent 96
520 ## - SUMMARY, ETC.
Summary, etc. Γενική, Λεξικά, Αφαίρεση, De Stijl, Εξπρεσιονισμός, Ιμπρεσιονισμός, Κηλιδογραφία (Tachisme) - Ενεργητική Ζωγραφική και Άμορφη Τέχνη, Νονστρουκτιβισμός, Κυβισμός, Μονοχρωματική Ζωγραφική, Μπάουχαους, Νεορεαλισμός, Nouvelle Figuration και Μαγικός Ρεαλισμός, Ντανταισμός, Όπ Άρ, Ορφισμός, Πόπ Άρ, Σοσιαλιστικός Ρεαλισμός, Σουπρεματισμός, Σουρρεαλισμός, Φανταστική Ζωγραφική, Φουτουρισμός, Φωβισμός, Κείμενα Καλλιτεχνών.
700 1# - ΠΡΟΣΘΕΤΗ ΑΝΑΓΡΑΦΗ--ΦΥΣΙΚΟ ΠΡΟΣΩΠΟ
Personal name Βογιατζής Τάκης
9 (RLIN) 5374
700 1# - ΠΡΟΣΘΕΤΗ ΑΝΑΓΡΑΦΗ--ΦΥΣΙΚΟ ΠΡΟΣΩΠΟ
Personal name Λυδάκης Στέλιος
9 (RLIN) 5375
942 ## - ADDED ENTRY ELEMENTS (KOHA)
Koha item type Books
Holdings
Τύπος τεκμηρίου Βιβλιοθήκη Τρέχουσα τοποθεσία Barcode Αριθμός εισαγωγής Ημερομηνία απόκτησης Ταξιθετικό σύμβολο Αριθμός αντιτύπου Κατάσταση απόσυρσης Κατάσταση χαμένου Κατάσταση κατεστραμμένου Μη δανεισμός Σύνολο δανεισμών Ημερομηνία τελευταίας εμφάνισης Η τιμή ισχύει από
Books MC Athens Campus Library MC Athens Campus Library 9780000044044 5087 05/06/2025 REF 750.3 LID 1           05/06/2025 05/06/2025

MC Athens Campus Library
Πατησίων 94 & Κοδριγκτώνος 13, 104 34
Πελλήνης 8 & Πατησίων 107, 112 51
Τ: +30 210 8899600

MC Thessaloniki Campus Library
Ίωνος Δραγούμη 21, 54625 | Ίωνος Δραγούμη 15, 54625
Τ: +30 2310 287779 – Τ: +30 2314 440300